000 00461nam a2200181Ia 4500
001 7441
005 20260306160455.0
008 260306t2016||||xx |||||||||||||| ||spa||
041 _aESP
082 _a338.9854021
_bB22
100 _aBanco Central de Reserva del Perú
_eAUT
245 0 _aInforme económico y social:
_bRegión Arequipa
260 _c2016
300 _a200 páginas :
_c23 cm.
650 _aGEN
654 _aCAN
942 _cLIB
_dJUS
_fJUS
_2ddc
_n
999 _c7441
_d7441